000
00343nam a2200145Ia 4500
008
230718s9999 xx 000 0 und d
041
_a
Eng.
082
_a
34752
_b
HUS-T
100
_a
Hussain, Mian Gulam
245
4
_a
The court FeesAct, 871
260
_a
Pakistan
_b
Law Book Publisher
_c
2002
300
_a
143
650
_a
Law
999
_c
28329
_d
28329